000 00512nam a2200169Ia 4500
008 090201s9999 xx 000 0 und d
010 _aKPL-43781
040 _bमराठी
041 _aमराठी
082 _a28242
_b43781
100 _aविश्वास पाटील
245 _aपानीपत
_cविश्वास पाटील
260 _c2004
_bराजहंस प्रकाशन
300 _a820
_bमोठा
600 _aपानीपत
942 _cBOOK
999 _c226971
_d226971